Kwasy karboksylowe - Statystyki

Ogólne statystyki
  • Ten quiz został rozwiązany 131 razy
  • Średni wynik to 7 z 10
Statystyki odpowiedzi
Zagadnienie Odpowiedź % Poprawnych
Kwas etanowy to inaczej: kwas octowy
89%
Mrówczan - to kwas: metanowy
83%
Wzór kwasu etanowego to: CH3COOH
78%
Wzór mrówczanu to: HCOOH
78%
Do wyższych kwasów karboksylowych należą; C15H31COOH
68%
Mrówczan jest: dobrze rozpuszczalny w wodzie, trujący, ulega dysocjacji jonowej
68%
Do niższych kwasów karboksylowych należą: HCOOH
68%
Niższe kwasy karboksylowe są: cieczami
67%
Wyższe kwasy karboksylowe są: substancjami stałymi
57%
Kwas etanowy jest używany w: tworzywach sztucznych
19%
Nie znaleziono quizów pasujących do podanych kryteriów
Rozkład punktacji
Procent ludzi z każdym wynikiem
Percentyl według liczby udzielonych odpowiedzi
Twoja historia wyników
Nie rozwiązałeś tego quizu